Automatic control theory (Record no. 84478)

MARC details
000 -LEADER
fixed length control field 01131nam a2200193 a 4500
008 - FIXED-LENGTH DATA ELEMENTS--GENERAL INFORMATION
fixed length control field 120416s0000 ||||||||||||||||| || u
020 ## - INTERNATIONAL STANDARD BOOK NUMBER
International Standard Book Number 0471203718
050 ## - LIBRARY OF CONGRESS CALL NUMBER
Classification number TJ 213 Der
100 ## - MAIN ENTRY--PERSONAL NAME
Personal name DeRoy, Benjamin E
245 10 - TITLE STATEMENT
Title Automatic control theory
260 ## - PUBLICATION, DISTRIBUTION, ETC.
Place of publication, distribution, etc. New York
Name of publisher, distributor, etc. John Wiley and Sons
Date of publication, distribution, etc. 1966
300 ## - PHYSICAL DESCRIPTION
Extent xi, 274p. : ill.
350 ## -
-- 0.00
995 ## -
-- BINDERY (DAMAGED)
-- 0.00
-- 715205
-- CBU-MAIN LIBRARY (Kitwe)
-- 1
-- 4.50
-- TJ 213 Der
-- 3
-- DAMAGED
-- 025105
-- Main Library Open Access Collection
995 ## -
-- MAIN LIBRARY OPEN ACCESS
-- 0.00
-- 711933
-- CBU-MAIN LIBRARY (Kitwe)
-- 4
-- 4.50
-- TJ 213 Der
-- 1
-- AVAILABLE
-- 017866
-- Main Library Open Access Collection
995 ## -
-- MAIN LIBRARY OPEN ACCESS
-- 0.00
-- 711934
-- CBU-MAIN LIBRARY (Kitwe)
-- 5
-- 4.50
-- TJ 213 Der
-- 2
-- AVAILABLE
-- 017867
-- Main Library Open Access Collection
995 ## -
-- BINDERY (DAMAGED)
-- 0.00
-- 711936
-- CBU-MAIN LIBRARY (Kitwe)
-- 1
-- 0.00
-- TJ 213 Der
-- DAMAGED
-- Jun 2, 2009
-- 711936
-- Main Library Open Access Collection
995 ## -
-- BINDERY (DAMAGED)
-- 0.00
-- 711935
-- CBU-MAIN LIBRARY (Kitwe)
-- 2
-- 4.50
-- TJ 213 Der
-- 4
-- DAMAGED
-- 711935
-- Main Library Open Access Collection
999 ## -
-- 84478
-- 84478
Holdings
Withdrawn status Lost status Source of classification or shelving scheme Damaged status Not for loan Permanent Location Current Location Shelving location Date acquired Total Checkouts Full call number Barcode Date last seen Copy number Price effective from Koha item type
          CBU-MAIN LIBRARY, KITWE. CBU-MAIN LIBRARY, KITWE.   01/25/2024   TJ 213 Der 025105 01/25/2024 1 01/25/2024 MONOGRAPH
          CBU-MAIN LIBRARY, KITWE. CBU-MAIN LIBRARY, KITWE.   01/25/2024   TJ 213 Der 017866 01/25/2024 2 01/25/2024 MONOGRAPH
          CBU-MAIN LIBRARY, KITWE. CBU-MAIN LIBRARY, KITWE.   01/25/2024   TJ 213 Der 017867 01/25/2024 3 01/25/2024 MONOGRAPH
          CBU-MAIN LIBRARY, KITWE. CBU-MAIN LIBRARY, KITWE.   01/25/2024   TJ 213 Der 711936 01/25/2024 4 01/25/2024 MONOGRAPH
          CBU-MAIN LIBRARY, KITWE. CBU-MAIN LIBRARY, KITWE.   01/25/2024   TJ 213 Der 711935 01/25/2024 5 01/25/2024 MONOGRAPH